[Event "Al-Ain Classic Open A 2013"]
[Site "Al-Ain UAE"]
[Date "2013.12.26"]
[Round "7.34"]
[White "Basencyan, Mark"]
[Black "Chelushkina, Irina"]
[Result "1-0"]
[BlackTitle "WGM"]
[WhiteElo "2181"]
[BlackElo "2276"]
[WhiteFideId "13300725"]
[BlackFideId "928615"]
[EventDate "2013.12.19"]

1. d4 Nf6 2. c4 c5 3. d5 e6 4. Nc3 exd5 5. cxd5 d6 6. Nf3 g6 7. h3 Bg7 8. e4 a6
9. a4 O-O 10. Bd3 Re8 11. O-O Nbd7 12. Bf4 c4 13. Bc2 Qb6 14. a5 Qc7 15. Re1 b5
16. axb6 Qxb6 17. Na4 Qc7 18. Rc1 a5 19. Bd3 Ba6 20. b3 Nh5 21. Bd2 Ne5 22. Nxe5
Bxe5 23. Bxc4 Bxc4 24. Rxc4 Qe7 25. Rc6 Bd4 26. Qf3 Reb8 27. Rc4 Qf6 28. Qxf6
Bxf6 29. g4 Ng7 30. Rb1 Be5 31. f3 f5 32. Kg2 Kf7 33. Nc3 Bf6 34. Rc6 Be5 35.
Na4 fxe4 36. fxe4 Bf6 37. Kf3 h5 38. Rxd6 Be5 39. Rc6 h4 40. Ke2 Bg3 41. Nc5 1-0

[Event "Al-Ain Classic Open A 2013"]
[Site "Al-Ain UAE"]
[Date "2013.12.26"]
[Round "7.35"]
[White "Kurbanov, Charygeldy"]
[Black "Hejazipour, Mitra"]
[Result "1/2-1/2"]
[BlackTitle "WIM"]
[WhiteElo "2104"]
[BlackElo "2274"]
[WhiteFideId "14001152"]
[BlackFideId "12505951"]
[EventDate "2013.12.19"]

1. d4 Nf6 2. c4 e6 3. Nf3 b6 4. g3 Bb4+ 5. Bd2 Bxd2+ 6. Nbxd2 Bb7 7. Bg2 O-O 8.
O-O c5 9. a3 Nc6 10. Nb3 d6 11. Rc1 Qc7 12. Qc2 a5 13. e3 Rfc8 14. Rfd1 a4 15.
Nbd2 cxd4 16. exd4 Qd8 17. Qd3 Na5 18. h3 d5 19. Ne5 dxc4 20. Nexc4 Bxg2 21.
Kxg2 Nxc4 22. Nxc4 h5 23. Qf3 Ra7 24. Ne5 Rac7 25. Rc3 Rxc3 26. bxc3 b5 27. Rb1
Qe8 28. Qb7 Rxc3 29. Rxb5 Nd5 30. Rc5 h4 31. Rxc3 Nxc3 32. g4 Nd5 33. Nf3 Qf8
34. Ng5 Nf4+ 35. Kh2 f6 36. Nf3 g5 37. Qc6 Qxa3 38. Qa8+ Kf7 39. Qa7+ Ke8 40.
Qa8+ Kd7 41. Qb7+ Ke8 42. Qa8+ Kf7 43. Qa7+ Qe7 44. Qxa4 Qb7 45. Qa3 Qb8 46. Qa4
Nd3+ 47. Kg2 Qb7 48. Qd1 Nf4+ 49. Kh2 Kg7 50. Ne1 Nxh3 51. Nd3 Nf4 52. Nxf4 Qc7
53. Qf3 gxf4 54. Kh3 Qb8 55. Qe4 Qd6 56. Kxh4 Kh6 57. f3 Kg7 58. Kh5 e5 59. Qb7+
Kf8 60. Qa8+ Kf7 61. Qa2+ Ke7 62. Qa7+ Ke6 63. Qa2+ Ke7 1/2-1/2

[Event "Al-Ain Classic Open A 2013"]
[Site "Al-Ain UAE"]
[Date "2013.12.26"]
[Round "7.37"]
[White "Enkhtuul, Altanulzii"]
[Black "Kaboodi, Behrang"]
[Result "0-1"]
[WhiteTitle "WIM"]
[WhiteElo "2249"]
[BlackElo "2044"]
[WhiteFideId "4901444"]
[BlackFideId "12504955"]
[EventDate "2013.12.19"]

1. e4 d6 2. d4 Nf6 3. Nc3 g6 4. f4 Bg7 5. Nf3 O-O 6. Bd3 c5 7. dxc5 dxc5 8. O-O
Nc6 9. Kh1 Nb4 10. Qe2 Nxd3 11. Rd1 Nxc1 12. Raxc1 Qa5 13. e5 Ng4 14. Nd5 Re8
15. Ng5 Nh6 16. b4 cxb4 17. e6 f6 18. Nf3 b5 19. Nd4 Bb7 20. Nb3 Qa6 21. Nc7 Qb6
22. Nxa8 Bxa8 23. c4 bxc4 24. Rxc4 Nf5 25. Nd4 Nd6 26. Rc2 f5 27. Nf3 Ne4 28.
Rd7 a5 29. Qc4 Bf6 30. h3 a4 31. Qc7 Qxc7 32. Rdxc7 b3 33. axb3 axb3 34. R2c4
Bd5 35. Rc8 Rxc8 36. Rxc8+ Kg7 37. Rb8 Bxe6 38. Kg1 h6 39. g4 Bc3 40. Ne5 Bd2
41. Nd3 Bc4 42. Ne5 Be3+ 43. Kg2 Bd5 44. Kf3 Bd4 45. Rb4 b2 46. Ke2 Bxe5 47.
fxe5 b1=Q 0-1

[Event "Al-Ain Classic Open A 2013"]
[Site "Al-Ain UAE"]
[Date "2013.12.26"]
[Round "7.38"]
[White "Nameer, Noor. Al-Deen"]
[Black "Tuvsanaa, Nyamaa"]
[Result "1-0"]
[WhiteTitle "CM"]
[BlackTitle "FM"]
[WhiteElo "2246"]
[BlackElo "2162"]
[WhiteFideId "4801890"]
[BlackFideId "4900413"]
[EventDate "2013.12.19"]

1. Nf3 d5 2. d4 c6 3. c4 Nf6 4. Nc3 e6 5. g3 dxc4 6. Bg2 Na6 7. Ne5 Nb4 8. Nxc4
Qxd4 9. Qb3 Nc2+ 10. Qxc2 Qxc4 11. b3 Qa6 12. O-O Ba3 13. Rd1 O-O 14. Ne4 Nxe4
15. Bxe4 h6 16. Bf4 Qa5 17. Bd6 Bxd6 18. Rxd6 e5 19. Qb2 Bg4 20. b4 Qc7 21. Qxe5
Rae8 22. Qf4 Bxe2 23. Bh7+ Kh8 24. Bd3 f6 25. Bc2 Re5 26. Rd2 Qf7 27. Bb3 Qh5
28. Rd7 Bf3 29. Rxb7 Rfe8 30. Rf1 Re4 31. Bf7 Qxf7 32. Qxe4 Qh5 33. Qh4 Qd5 34.
Qf4 Bg2 35. Qg4 Rg8 36. Rd1 Bh3 37. Rxd5 Bxg4 38. Rd4 Bf3 39. Rd3 1-0

[Event "Al-Ain Classic Open A 2013"]
[Site "Al-Ain UAE"]
[Date "2013.12.26"]
[Round "7.39"]
[White "Afshar, Niusha"]
[Black "Kazimova, Narmin"]
[Result "0-1"]
[BlackTitle "WIM"]
[WhiteElo "1992"]
[BlackElo "2238"]
[WhiteFideId "12509892"]
[BlackFideId "13402951"]
[EventDate "2013.12.19"]

1. e4 c5 2. Nf3 d6 3. c3 Nf6 4. Bd3 Bg4 5. h3 Bxf3 6. Qxf3 Nc6 7. Qe2 g6 8. Bc2
Bg7 9. O-O O-O 10. d3 b5 11. Be3 Nd7 12. Nd2 Nb6 13. Nf3 Rc8 14. Rac1 Qd7 15.
Bb1 a5 16. b3 b4 17. d4 bxc3 18. dxc5 dxc5 19. Bxc5 Qc7 20. Be3 Rfd8 21. a3 Nd7
22. Rfd1 Nde5 23. Nd4 Nxd4 24. Bxd4 Nf3+ 25. Qxf3 Bxd4 26. Bc2 Qc5 27. a4 Rd6
28. Rf1 Rcd8 29. Qe2 Be5 30. Kh1 Rd2 31. Qe1 Bd4 32. f3 Bf2 33. Rxf2 Rxf2 34. e5
Rdd2 35. Be4 c2 0-1

[Event "Al-Ain Classic Open A 2013"]
[Site "Al-Ain UAE"]
[Date "2013.12.26"]
[Round "7.40"]
[White "Kalinina, Larisa"]
[Black "Zayan, Osama"]
[Result "0-1"]
[WhiteTitle "WIM"]
[WhiteElo "2155"]
[BlackElo "2234"]
[WhiteFideId "14106361"]
[BlackFideId "10601180"]
[EventDate "2013.12.19"]

1. e4 e5 2. Nf3 Nc6 3. Bc4 Nf6 4. d3 Bc5 5. c3 a6 6. Nbd2 d6 7. Bb3 Be6 8. Bc2
h6 9. Nc4 Nxe4 10. Ne3 Ng5 11. Nd2 d5 12. h4 Nh7 13. Nb3 Be7 14. d4 exd4 15.
Nxd4 Nxd4 16. Qxd4 Bf6 17. Qb4 Qc8 18. Bd2 c5 19. Qf4 Qc6 20. O-O-O O-O-O 21.
Nf5 Nf8 22. g4 Ng6 23. Qg3 d4 24. Rhe1 Qc7 25. f4 dxc3 26. bxc3 Qa5 27. Rxe6
Qa3+ 28. Kb1 fxe6 29. g5 Rxd2 30. gxf6 Rxd1+ 31. Bxd1 Rd8 32. Bc2 gxf6 33. Qxg6
exf5 34. Qxf6 Qa5 35. Qxf5+ Kb8 36. Qe5+ Ka7 37. f5 Qb6+ 38. Kc1 Rg8 39. Qe3 c4
40. Qf4 Rg1+ 41. Bd1 Rg2 42. Bc2 Qf2 43. Qe4 Qd2+ 44. Kb2 Re2 45. Qd4+ Qxd4 46.
cxd4 b5 47. Kc3 b4+ 48. Kxb4 Rxc2 49. d5 Kb6 0-1

[Event "Al-Ain Classic Open A 2013"]
[Site "Al-Ain UAE"]
[Date "2013.12.26"]
[Round "7.42"]
[White "Safarov, Zirva"]
[Black "Dahdal, Lougain"]
[Result "1-0"]
[BlackTitle "WIM"]
[WhiteElo "2120"]
[BlackElo "2002"]
[WhiteFideId "13413040"]
[BlackFideId "8102880"]
[EventDate "2013.12.19"]

1. d4 Nf6 2. c4 d6 3. g3 Nbd7 4. Bg2 e5 5. dxe5 dxe5 6. Nc3 c6 7. Nf3 Be7 8. O-O
O-O 9. b3 Qc7 10. Bb2 Ng4 11. h3 Nh6 12. e4 f6 13. Qe2 Nc5 14. b4 Ne6 15. b5 Nf7
16. h4 Nd4 17. Nxd4 exd4 18. Nb1 c5 19. Nd2 Ne5 20. Rfd1 Be6 21. Rdc1 Rae8 22.
f4 Nf7 23. a4 Bd6 24. Ra3 Nh6 25. Nf1 Ng4 26. Qf3 h5 27. a5 g5 28. b6 axb6 29.
axb6 Qxb6 30. Rb3 Qa6 31. Nd2 Bc8 32. Ra1 Qc6 33. Bc1 Qc7 34. Nf1 Re7 35. Rab1
Rg7 36. Rb6 gxf4 37. gxf4 Qd7 38. Ng3 Bc7 39. R6b5 b6 40. Nxh5 Rh7 41. f5 Ne5
42. Qd1 Qe8 43. Nf4 Bd7 44. Nd5 Bd8 45. R5b3 Nxc4 46. Rg3+ Kh8 47. Rg6 Ne5 48.
h5 Ba4 49. Qe1 Rg8 50. Nf4 Bd7 51. Rb3 Nxg6 52. hxg6 Bxf5 53. gxh7 Bxh7 54. Rh3
f5 55. e5 Rg4 56. Kh1 Bg5 57. e6 Kg8 58. Nh5 Be7 59. Bf3 Rg6 60. Nf4 Rg7 61. Qe5
Qb5 62. Qe1 c4 63. Nd5 d3 64. Bh6 d2 65. Bxd2 Bc5 66. e7 Bg6 67. Nf6+ Kf7 68.
Bd5+ Kxf6 69. Qe6# 1-0

[Event "Al-Ain Classic Open A 2013"]
[Site "Al-Ain UAE"]
[Date "2013.12.26"]
[Round "7.43"]
[White "Ayyad, Husain"]
[Black "Mezioud, Amina"]
[Result "0-1"]
[WhiteTitle "FM"]
[BlackTitle "WIM"]
[WhiteElo "2191"]
[BlackElo "2048"]
[WhiteFideId "11200243"]
[BlackFideId "7900970"]
[EventDate "2013.12.19"]

1. e4 c6 2. d4 d5 3. exd5 cxd5 4. Bd3 Nf6 5. h3 e6 6. Nf3 Bd6 7. O-O Nc6 8. c3
b6 9. Bg5 Bb7 10. Re1 h6 11. Bh4 Qc7 12. Bxf6 gxf6 13. a4 O-O-O 14. Na3 Bxa3 15.
Rxa3 e5 16. Bb5 e4 17. Nh4 Rdg8 18. Qe2 Qf4 19. Qh5 Rg5 20. Qxf7 Qxh4 21. Qe6+
Kc7 22. a5 Rhg8 23. axb6+ axb6 24. Bf1 R5g7 25. Re3 Nb8 26. Qf5 Qg5 27. Qxg5
Rxg5 28. f4 Rg3 29. Rxg3 Rxg3 30. Kf2 Rg8 31. Be2 Nc6 32. g3 Ra8 33. Rxa8 Bxa8
34. f5 Nd8 35. g4 Bc6 36. Kg3 Ba4 37. Kf4 Kd6 38. h4 Ke7 39. c4 Kd6 40. g5 hxg5+
41. hxg5 fxg5+ 42. Kxg5 Be8 43. b3 Bd7 44. f6 Ne6+ 45. Kh6 Be8 46. cxd5 Nxd4 47.
Bg4 e3 48. Kg7 0-1

[Event "Al-Ain Classic Open A 2013"]
[Site "Al-Ain UAE"]
[Date "2013.12.26"]
[Round "7.44"]
[White "Abdulkarim, Ali"]
[Black "Gator, Mosab"]
[Result "1/2-1/2"]
[BlackTitle "FM"]
[WhiteElo "1944"]
[BlackElo "2120"]
[WhiteFideId "9301640"]
[BlackFideId "1312383"]
[EventDate "2013.12.19"]

1. d4 Nf6 2. c4 d6 3. Nc3 Nbd7 4. e4 g6 5. Nf3 Bg7 6. Be2 O-O 7. h3 e5 8. O-O
Re8 9. dxe5 dxe5 10. Bg5 c6 11. b4 Qc7 12. c5 Nf8 13. Qb3 Ne6 14. Be3 Nh5 15.
Rfd1 Qe7 16. b5 Nhf4 17. Bf1 Nxc5 18. Qc4 Nfe6 19. Rac1 cxb5 20. Nxb5 b6 21.
Nxe5 Bxe5 22. Qd5 Nc7 23. Nxc7 Bxc7 24. Bxc5 bxc5 25. Qxa8 Bb7 26. Qxa7 Qe5 27.
f4 Qxe4 28. Qxc5 Bxf4 29. Re1 Be3+ 30. Qxe3 Qxe3+ 31. Rxe3 Rxe3 32. Rc7 Bd5 33.
a4 Ra3 34. Rc5 Be6 35. a5 Kf8 36. a6 1/2-1/2

[Event "Al-Ain Classic Open A 2013"]
[Site "Al-Ain UAE"]
[Date "2013.12.26"]
[Round "7.46"]
[White "Bakalar, Jan"]
[Black "Laabi Chian, Majid"]
[Result "1/2-1/2"]
[WhiteElo "2033"]
[BlackElo "2092"]
[WhiteFideId "14901978"]
[BlackFideId "12500224"]
[EventDate "2013.12.19"]

1. Nf3 d6 2. e4 e5 3. Bc4 Be7 4. d3 Nf6 5. Nc3 O-O 6. h3 c6 7. Bb3 a5 8. a4 Na6
9. Be3 Nd7 10. O-O Ndc5 11. Bc4 Be6 12. Bxe6 Nxe6 13. d4 1/2-1/2

[Event "Al-Ain Classic Open A 2013"]
[Site "Al-Ain UAE"]
[Date "2013.12.27"]
[Round "8.1"]
[White "Jobava, Baadur"]
[Black "Kravtsiv, Martyn"]
[Result "0-1"]
[WhiteTitle "GM"]
[BlackTitle "GM"]
[WhiteElo "2705"]
[BlackElo "2617"]
[WhiteFideId "13601520"]
[BlackFideId "14113147"]
[EventDate "2013.12.19"]

1. d4 Nf6 2. Nc3 d5 3. Bf4 e6 4. e3 Bb4 5. Ne2 O-O 6. a3 Bd6 7. Qd2 c5 8. O-O-O
Nc6 9. dxc5 Bxc5 10. Nd4 Bd7 11. Bd3 a6 12. h4 b5 13. Nce2 Be7 14. h5 b4 15.
Nxc6 Bxc6 16. axb4 Qb6 17. h6 g6 18. Qc3 Qxb4 19. Qxb4 Bxb4 20. f3 Nd7 21. e4
Nc5 22. Nd4 Bb7 23. exd5 Nxd3+ 24. Rxd3 Bxd5 25. b3 Rfe8 26. Be5 Be7 27. Bg7 f6
28. Re1 Kf7 29. Ne2 Rad8 30. Nf4 Bc6 31. Rc3 Rc8 32. Nd3 e5 33. Kb2 Bb7 34. Rxc8
Rxc8 35. c4 g5 36. Kc3 Rd8 37. b4 Bc8 38. Ra1 g4 39. fxg4 e4 40. Nc5 e3 41. Re1
a5 42. Rxe3 axb4+ 43. Kxb4 Be6 44. g5 Rb8+ 45. Ka5 Bxc5 46. g6+ hxg6 47. Rxe6
Kxe6 48. h7 Kf7 49. h8=Q Rxh8 50. Bxh8 Bd4 51. Ka6 Kg8 52. c5 Kxh8 53. c6 Be5
54. Kb7 Kg7 55. c7 Bxc7 56. Kxc7 Kh6 57. Kd6 Kh5 58. Ke7 f5 59. Kf6 f4 60. Ke5
g5 0-1

[Event "Al-Ain Classic Open A 2013"]
[Site "Al-Ain UAE"]
[Date "2013.12.27"]
[Round "8.2"]
[White "Durarbayli, Vasif"]
[Black "Babujian, Levon"]
[Result "1-0"]
[WhiteTitle "GM"]
[BlackTitle "GM"]
[WhiteElo "2559"]
[BlackElo "2512"]
[WhiteFideId "13402935"]
[BlackFideId "13301993"]
[EventDate "2013.12.19"]

1. e4 c5 2. Nf3 d6 3. d4 cxd4 4. Nxd4 Nf6 5. Nc3 a6 6. Bg5 e6 7. f4 h6 8. Bh4
Qc7 9. Bxf6 gxf6 10. Qd3 Nc6 11. O-O-O Bd7 12. Be2 h5 13. Kb1 O-O-O 14. Rhf1 Kb8
15. Nxc6+ Bxc6 16. Qh3 Qa5 17. f5 Qe5 18. Bxh5 b5 19. Qe3 Rd7 20. fxe6 fxe6 21.
Be8 Rc7 22. Bxc6 Rxc6 23. h3 f5 24. Qf3 fxe4 25. Nxe4 Bg7 26. Nf6 Rc7 27. Qf2
Rf8 28. Qb6+ Kc8 29. Qxa6+ Kd8 30. Rfe1 Qxf6 31. Rxd6+ Rd7 32. Qb6+ 1-0

[Event "Al-Ain Classic Open A 2013"]
[Site "Al-Ain UAE"]
[Date "2013.12.27"]
[Round "8.4"]
[White "Andreev, Eduard UKR"]
[Black "Amin, Bassem"]
[Result "0-1"]
[WhiteTitle "GM"]
[BlackTitle "GM"]
[WhiteElo "2508"]
[BlackElo "2654"]
[WhiteFideId "14103400"]
[BlackFideId "10601457"]
[EventDate "2013.12.19"]

1. e4 e5 2. Nf3 Nc6 3. d4 exd4 4. Nxd4 Nf6 5. Nxc6 bxc6 6. e5 Qe7 7. Qe2 Nd5 8.
c4 Ba6 9. b3 g5 10. Bb2 Bg7 11. g3 O-O-O 12. Nd2 Nb4 13. O-O-O Nxa2+ 14. Kb1 Nb4
15. Ne4 Bb7 16. Bh3 Kb8 17. f4 gxf4 18. gxf4 c5 19. Rhe1 d5 20. exd6 Qxe4+ 21.
Qxe4 Bxe4+ 22. Rxe4 Bxb2 23. Kxb2 Rxd6 24. Rxd6 cxd6 25. Re7 Nd3+ 26. Kc2 Nxf4
27. Bf5 Rg8 28. Be4 Rg7 29. Rb7+ Kc8 30. Rxa7 Ne6 31. Kc3 Nc7 32. b4 cxb4+ 33.
Kxb4 Kd8 34. Ra3 h6 35. Rh3 Rg4 36. Bc6 d5 37. Rxh6 Rxc4+ 38. Kb3 Rc5 39. Kb4
Ne6 40. Bb5 Rc1 41. Rh5 Rb1+ 42. Ka5 Nc7 43. Bd3 Rb3 44. Bc2 Rb2 45. Bd3 Ke7 46.
h4 Kd6 47. Rf5 Rb3 48. Bc2 Rc3 49. Rf2 Ne6 50. h5 Nd4 51. Ba4 f5 52. Rh2 Rc8 53.
h6 Kc5 54. Ka6 f4 55. h7 Rh8 56. Be8 Nf3 57. Rh5 Rxe8 58. h8=Q Rxh8 59. Rxh8 Ne5
60. Rf8 f3 61. Ka5 Kd4 62. Kb4 f2 63. Rxf2 Nd3+ 0-1

[Event "Al-Ain Classic Open A 2013"]
[Site "Al-Ain UAE"]
[Date "2013.12.27"]
[Round "8.6"]
[White "Gopal, G.N."]
[Black "Rasulov, Vugar"]
[Result "1-0"]
[WhiteTitle "GM"]
[BlackTitle "GM"]
[WhiteElo "2540"]
[BlackElo "2529"]
[WhiteFideId "5015693"]
[BlackFideId "13402390"]
[EventDate "2013.12.19"]

1. e4 e5 2. Nf3 Nc6 3. Bb5 Nge7 4. Nc3 g6 5. d4 exd4 6. Nd5 Bg7 7. Bg5 h6 8. Bf6
Bxf6 9. Nxf6+ Kf8 10. O-O Nf5 11. Nxd7+ Bxd7 12. exf5 Bxf5 13. Bxc6 bxc6 14.
Nxd4 Be4 15. Re1 Bd5 16. Qd2 Kg8 17. Rad1 Qf6 18. b3 Rd8 19. Qe3 Kh7 20. c4 Rhe8
21. Qxe8 Rxe8 22. Rxe8 c5 23. cxd5 cxd4 24. h3 g5 25. Re4 d3 26. Rxd3 Qa1+ 27.
Kh2 Kg6 28. d6 cxd6 29. Rxd6+ Kg7 30. Rd2 Qc3 31. Red4 h5 32. Rd5 Kg6 33. Rd6+
f6 34. Re2 Qb4 35. Ree6 Kg7 36. Rc6 Qd4 37. Rxf6 Qe5+ 38. Kg1 Qe1+ 39. Kh2 Qe5+
40. g3 h4 41. Rg6+ Kh7 42. Rge6 hxg3+ 43. Kg2 1-0

[Event "Al-Ain Classic Open A 2013"]
[Site "Al-Ain UAE"]
[Date "2013.12.27"]
[Round "8.7"]
[White "Ipatov, Alexander"]
[Black "Hayrapetyan, Hovik"]
[Result "1/2-1/2"]
[WhiteTitle "GM"]
[BlackTitle "GM"]
[WhiteElo "2635"]
[BlackElo "2458"]
[WhiteFideId "14116731"]
[BlackFideId "13302639"]
[EventDate "2013.12.19"]

1. c4 e6 2. d4 Nf6 3. Nc3 Bb4 4. e3 O-O 5. Ne2 d5 6. a3 Be7 7. cxd5 exd5 8. Nf4
Re8 9. Bd3 Bd6 10. O-O c6 11. f3 Qc7 12. Kh1 a5 13. Qd2 Bxf4 14. exf4 b6 15. g4
Ba6 16. Bxa6 Nxa6 17. f5 Nd7 18. Ne2 c5 19. Nf4 cxd4 20. Qxd4 Nac5 21. Rb1 Nb3
22. Qc3 Qxc3 23. bxc3 Nxc1 24. Rfxc1 Rac8 25. Nxd5 Rc6 26. Kg2 Kf8 27. Kg3 Rec8
28. Rd1 Rd6 29. Rd3 Nf6 30. Nxb6 Rxd3 31. Nxc8 Ne4+ 32. Kf4 Nd2 33. Rb8 f6 34.
g5 fxg5+ 35. Kxg5 Rd8 36. f6 gxf6+ 37. Kxf6 Nxf3 38. c4 Nd2 39. c5 Ne4+ 40. Ke5
Nxc5 41. Ra8 Nd3+ 42. Kf6 Nb2 43. Nb6 Rxa8 44. Nxa8 Nc4 45. a4 Ke8 46. Nc7+ Kd7
47. Nb5 Kc6 48. h4 h5 49. Kg5 Ne3 50. Nd4+ Kc5 51. Nb3+ 1/2-1/2

[Event "Al-Ain Classic Open A 2013"]
[Site "Al-Ain UAE"]
[Date "2013.12.27"]
[Round "8.8"]
[White "Mirzoev, Azer"]
[Black "Miroshnichenko, Evgenij"]
[Result "1/2-1/2"]
[WhiteTitle "GM"]
[BlackTitle "GM"]
[WhiteElo "2518"]
[BlackElo "2626"]
[WhiteFideId "13400304"]
[BlackFideId "14102595"]
[EventDate "2013.12.19"]

1. d4 Nf6 2. Nf3 e6 3. c4 Bb4+ 4. Bd2 a5 5. g3 d5 6. a3 Be7 7. Bg2 O-O 8. O-O
Nbd7 9. Qc2 c6 10. Bf4 Nh5 11. Bc1 Nhf6 12. Bf4 a4 13. Rd1 Qa5 14. Nbd2 Nh5 15.
Be3 f5 16. Nf1 Bd6 17. Bd2 Qa6 18. Rac1 Nhf6 19. Bf4 Bxf4 20. gxf4 Ne4 21. e3
Nd6 22. cxd5 exd5 23. Ng3 Nf6 24. Ne5 Be6 25. Bf1 Qa5 26. Bd3 Nfe4 27. f3 Nxg3
28. hxg3 Nf7 29. Qh2 Nxe5 30. fxe5 g6 31. Rc5 Qc7 32. Rdc1 Qe7 33. f4 Bd7 34.
R5c2 Kg7 35. Qh4 Rfe8 36. Kf2 Ra5 37. Ke1 Qxh4 38. gxh4 1/2-1/2

[Event "Al-Ain Classic Open A 2013"]
[Site "Al-Ain UAE"]
[Date "2013.12.27"]
[Round "8.9"]
[White "Barsov, Alexei"]
[Black "Pashikian, Arman"]
[Result "1/2-1/2"]
[WhiteTitle "GM"]
[BlackTitle "GM"]
[WhiteElo "2527"]
[BlackElo "2617"]
[WhiteFideId "14200082"]
[BlackFideId "13301578"]
[EventDate "2013.12.19"]

1. d4 Nf6 2. c4 e6 3. Nf3 d5 4. Nc3 Bb4 5. Qa4+ Nc6 6. Bg5 h6 7. Bxf6 Qxf6 8. e3
O-O 9. Be2 dxc4 10. O-O Qe7 11. Bxc4 Bd7 12. Qc2 Rac8 13. a3 Bd6 14. b4 a6 15.
Ne4 e5 16. Nc5 Bxc5 17. dxc5 Be6 18. Be2 Bd5 19. e4 Be6 20. h3 Rcd8 21. Rfd1 Qf6
22. Qc3 g5 23. Rac1 Kh7 24. Bc4 Bxc4 25. Qxc4 Nd4 26. Nxd4 Rxd4 27. Rxd4 exd4
28. Rd1 Rd8 29. e5 Qxe5 30. Qxf7+ Qg7 31. Qe6 c6 32. Rd3 Kh8 33. Kf1 Rd5 34.
Qe8+ Qg8 35. Qxg8+ Kxg8 36. Ke2 Re5+ 37. Kd2 Rf5 38. f3 Rd5 39. Rb3 Kf7 40. Kd3
Re5 41. Kxd4 Re2 42. g4 Kf6 43. Re3 Ra2 44. Ke4 Rc2 45. Rd3 Re2+ 46. Kd4 Rh2 47.
Ke3 Rxh3 48. Rd7 h5 49. Ke4 hxg4 50. fxg4 Rxa3 51. Rxb7 Rg3 1/2-1/2

[Event "Al-Ain Classic Open A 2013"]
[Site "Al-Ain UAE"]
[Date "2013.12.27"]
[Round "8.10"]
[White "Supatashvili, Khvicha"]
[Black "Iordachescu, Viorel"]
[Result "0-1"]
[WhiteTitle "IM"]
[BlackTitle "GM"]
[WhiteElo "2455"]
[BlackElo "2614"]
[WhiteFideId "13600664"]
[BlackFideId "13900200"]
[EventDate "2013.12.19"]

1. d4 Nf6 2. c4 e6 3. Nf3 Bb4+ 4. Bd2 a5 5. Nc3 b6 6. e3 Bb7 7. Bd3 O-O 8. O-O
d6 9. Re1 Nbd7 10. e4 e5 11. d5 Nh5 12. a3 Bxc3 13. Bxc3 Nf4 14. Bc2 g6 15. g3
Nh5 16. Bd2 Ng7 17. Bh6 f6 18. b4 Rf7 19. Ba4 Qc8 20. Rc1 Ne8 21. Re3 Ra7 22.
Rec3 axb4 23. axb4 Qa8 24. Bb3 Ra3 25. Be3 Kg7 26. h4 h5 27. Nd2 Re7 28. f4 Kh7
29. f5 Ng7 30. fxg6+ Kxg6 31. c5 bxc5 32. bxc5 Nxc5 33. Bxc5 dxc5 34. Nc4 Ra6
35. Ne3 Bc8 36. Rxc5 Qb8 37. Kh2 Rb6 38. R5c3 Kh7 39. Nc4 Ra6 40. Ne3 Rb6 41.
Qc2 Ne8 42. d6 Rxd6 43. Nd5 Rg7 44. Ba4 Bd7 45. Bxd7 Rgxd7 46. Qf2 Qd8 47. Qf3
Ng7 48. Rc6 Kh8 49. Rxc7 Rxc7 50. Nxc7 Rd3 51. Qf1 Rd2+ 52. Kh1 Qd4 53. Re1 Rf2
54. Qg1 f5 55. Nd5 Ne6 56. Nf6 Qd2 57. exf5 Nd4 58. Rf1 Re2 59. g4 Qc3 0-1

[Event "Al-Ain Classic Open A 2013"]
[Site "Al-Ain UAE"]
[Date "2013.12.27"]
[Round "8.11"]
[White "Hovhannisyan, Robert"]
[Black "Gagare, Shardul"]
[Result "1-0"]
[WhiteTitle "GM"]
[BlackTitle "IM"]
[WhiteElo "2597"]
[BlackElo "2442"]
[WhiteFideId "13302507"]
[BlackFideId "5037883"]
[EventDate "2013.12.19"]

1. e4 c6 2. d4 d5 3. e5 Bf5 4. Be2 e6 5. Nf3 c5 6. Be3 Qb6 7. Nc3 Nc6 8. Bb5 a6
9. dxc5 Bxc5 10. Bxc5 Qxc5 11. Qd4 Qxd4 12. Bxc6+ bxc6 13. Nxd4 Ne7 14. Na4 Kd8
15. O-O-O Kc7 16. Rhe1 h5 17. Re3 h4 18. Nc5 a5 19. Rb3 Ra7 20. Re1 Rh5 21. Ra3
Kb6 22. Na4+ Kc7 23. Rc3 Rb7 24. Nc5 Ra7 25. Ree3 Rg5 26. g3 hxg3 27. Rxg3 Rxg3
28. hxg3 Ra8 29. Rb3 Ra7 30. Kd2 Ng6 31. f4 Ne7 32. Ra3 Kb6 33. Na4+ Kc7 34. Rc3
Rb7 35. a3 Rb8 36. Rc5 Rh8 37. Rxa5 Rh2+ 38. Kc3 Kb8 39. Nc5 Rg2 40. Ra6 Rxg3+
41. Kb4 Rg4 42. Nxc6+ Nxc6+ 43. Rxc6 Rxf4+ 44. Kb5 Rc4 45. Kb6 Bxc2 46. Rc7 Rxc5
47. Rxc5 Bb3 48. Rc7 g5 49. Rxf7 Kc8 50. Rg7 d4 51. Rxg5 Bd5 52. Rg4 1-0

[Event "Al-Ain Classic Open A 2013"]
[Site "Al-Ain UAE"]
[Date "2013.12.27"]
[Round "8.12"]
[White "Pourramezanali, Amirreza"]
[Black "Kovalev, Vladislav"]
[Result "1/2-1/2"]
[WhiteTitle "FM"]
[BlackTitle "GM"]
[WhiteElo "2458"]
[BlackElo "2574"]
[WhiteFideId "12511412"]
[BlackFideId "13504398"]
[EventDate "2013.12.19"]

1. e4 e5 2. Nf3 Nc6 3. Bc4 Bc5 4. c3 Nf6 5. d3 d6 6. Bb3 O-O 7. O-O a6 8. Nbd2
Ba7 9. h3 h6 10. Re1 Nh5 11. Nf1 Qf6 12. Be3 Nf4 13. d4 Re8 14. Ng3 g5 15. dxe5
Nxe5 16. Nd4 Qg6 17. Bc2 Kh8 18. Kh2 Bd7 19. Ngf5 Ne6 20. Nf3 Bxe3 21. Rxe3 Ng7
22. Nxg7 Qxg7 23. Nd4 Qf6 24. Qe2 Re7 25. Re1 Rae8 26. Bb3 c5 27. Nf3 Qf4+ 28.
g3 Nxf3+ 29. Rxf3 Rxe4 30. Qd3 Qe5 31. Rxf7 Bf5 32. Rxe4 Bxe4 33. Qe2 d5 34.
Rxb7 Rf8 35. Bc2 Rf3 36. Bxe4 dxe4 37. Kg1 Qe6 38. Qd2 Rd3 39. Qe2 Qd5 40. Rb8+
Kg7 41. c4 Rd1+ 42. Kg2 Qd3 43. Qxd3 Rxd3 44. Rb7+ Kf6 45. Kf1 Rd2 46. a3 Rc2
47. b3 a5 48. a4 Rb2 49. Rb5 e3 50. fxe3 Ke5 51. Rxa5 Ke4 52. Rxc5 Rxb3 53. g4
Rxe3 54. Kg2 Re2+ 55. Kg1 Ra2 56. Rc6 Rxa4 57. Rxh6 Kf3 58. Kh2 Ra2+ 1/2-1/2

[Event "Al-Ain Classic Open A 2013"]
[Site "Al-Ain UAE"]
[Date "2013.12.27"]
[Round "8.13"]
[White "Salem, A.R. Saleh"]
[Black "Sharbaf, Mohsen"]
[Result "1-0"]
[WhiteTitle "GM"]
[BlackTitle "IM"]
[WhiteElo "2564"]
[BlackElo "2424"]
[WhiteFideId "9301348"]
[BlackFideId "12501808"]
[EventDate "2013.12.19"]

1. d4 Nf6 2. c4 e6 3. Nc3 Bb4 4. e3 b6 5. Ne2 Ne4 6. Bd2 Nxd2 7. Qxd2 Ba6 8. a3
Be7 9. Nf4 c6 10. d5 cxd5 11. cxd5 e5 12. d6 exf4 13. dxe7 Qxe7 14. Qd5 O-O 15.
Qxa8 Nc6 16. Qxf8+ Kxf8 17. Bxa6 fxe3 18. O-O exf2+ 19. Rxf2 Ne5 20. Be2 Qc5 21.
Rd1 f6 22. g3 Qe3 23. Kg2 Kf7 24. Rf4 Qc5 25. Rd5 Qe3 26. Rd1 Qc5 27. h3 Qc6+
28. Rd5 Qb7 29. Kh2 Ke7 30. Rfd4 a6 31. Kg2 b5 32. Bf3 Qb8 33. Bg4 Kf7 34. Ne4
Kg6 35. Nd6 h5 36. Bf5+ Kh6 37. Rxe5 g6 38. Re7 1-0